<?xml version="1.0" encoding="UTF-8"?>
<record
    xmlns:xsi="http://www.w3.org/2001/XMLSchema-instance"
    xsi:schemaLocation="http://www.loc.gov/MARC21/slim http://www.loc.gov/standards/marcxml/schema/MARC21slim.xsd"
    xmlns="http://www.loc.gov/MARC21/slim">

  <leader>03166cam a2200337 i 4500</leader>
  <controlfield tag="001">99117124819804341</controlfield>
  <controlfield tag="005">20250321124640.0</controlfield>
  <controlfield tag="008">221103r20242023nyuabf        000 0deng  </controlfield>
  <datafield tag="010" ind1=" " ind2=" ">
    <subfield code="a">  2022049664</subfield>
  </datafield>
  <datafield tag="020" ind1=" " ind2=" ">
    <subfield code="a">9781471186264</subfield>
    <subfield code="q">paperback</subfield>
  </datafield>
  <datafield tag="035" ind1=" " ind2=" ">
    <subfield code="a">(OCoLC)1346615839</subfield>
    <subfield code="z">(OCoLC)1382331897</subfield>
    <subfield code="z">(OCoLC)1388672988</subfield>
    <subfield code="z">(OCoLC)1389565419</subfield>
    <subfield code="z">(OCoLC)1390468821</subfield>
    <subfield code="z">(OCoLC)1390830560</subfield>
    <subfield code="z">(OCoLC)1394141087</subfield>
    <subfield code="z">(OCoLC)1398519102</subfield>
    <subfield code="z">(OCoLC)1423715999</subfield>
    <subfield code="z">(OCoLC)1427569394</subfield>
    <subfield code="z">(OCoLC)1428671898</subfield>
    <subfield code="z">(OCoLC)1432817835</subfield>
    <subfield code="z">(OCoLC)1441602939</subfield>
    <subfield code="z">(OCoLC)1452836713</subfield>
  </datafield>
  <datafield tag="035" ind1=" " ind2=" ">
    <subfield code="a">(OCoLC)on1346615839</subfield>
  </datafield>
  <datafield tag="040" ind1=" " ind2=" ">
    <subfield code="a">DLC</subfield>
    <subfield code="b">eng</subfield>
    <subfield code="e">rda</subfield>
    <subfield code="c">DLC</subfield>
    <subfield code="d">BDX</subfield>
    <subfield code="d">OCLCF</subfield>
    <subfield code="d">GK8</subfield>
    <subfield code="d">OCO</subfield>
    <subfield code="d">JTH</subfield>
    <subfield code="d">RNL</subfield>
    <subfield code="d">FHP</subfield>
    <subfield code="d">CGP</subfield>
    <subfield code="d">YDX</subfield>
    <subfield code="d">YUS</subfield>
    <subfield code="d">ETC</subfield>
    <subfield code="d">CPG</subfield>
    <subfield code="d">QS3</subfield>
    <subfield code="d">QJK</subfield>
    <subfield code="d">OCL</subfield>
    <subfield code="d">HQD</subfield>
    <subfield code="d">OCLCO</subfield>
    <subfield code="d">AUM</subfield>
    <subfield code="d">GYG</subfield>
    <subfield code="d">STW</subfield>
    <subfield code="d">IOU</subfield>
    <subfield code="d">VLW</subfield>
    <subfield code="d">CQA</subfield>
    <subfield code="d">IG#</subfield>
    <subfield code="d">AUNTL</subfield>
    <subfield code="d">NLE</subfield>
  </datafield>
  <datafield tag="042" ind1=" " ind2=" ">
    <subfield code="a">pcc</subfield>
  </datafield>
  <datafield tag="043" ind1=" " ind2=" ">
    <subfield code="a">e-fr---</subfield>
  </datafield>
  <datafield tag="049" ind1=" " ind2=" ">
    <subfield code="a">NLES</subfield>
  </datafield>
  <datafield tag="050" ind1=" " ind2=" ">
    <subfield code="a">HV6665.F73 </subfield>
  </datafield>
  <datafield tag="100" ind1=" " ind2=" ">
    <subfield code="a">Finkel, Michael,</subfield>
    <subfield code="e">author.</subfield>
    <subfield code="9">24973</subfield>
  </datafield>
  <datafield tag="245" ind1="1" ind2="4">
    <subfield code="a">The art thief </subfield>
    <subfield code="b">: a true story of love, crime and a dangerous obsession </subfield>
    <subfield code="c">/ Michael Finkel.</subfield>
  </datafield>
  <datafield tag="264" ind1=" " ind2="1">
    <subfield code="a">London :</subfield>
    <subfield code="b">Simon &amp; Schuster,</subfield>
    <subfield code="c">2024.</subfield>
  </datafield>
  <datafield tag="300" ind1=" " ind2=" ">
    <subfield code="a">221 pages, 8 unnumbered pages of plates :</subfield>
    <subfield code="b">illustrations (chiefly colour), maps ;</subfield>
    <subfield code="c">22 cm</subfield>
  </datafield>
  <datafield tag="500" ind1=" " ind2=" ">
    <subfield code="a">First published in the USA by Alfred A. Knopf, 2023.</subfield>
  </datafield>
  <datafield tag="504" ind1=" " ind2=" ">
    <subfield code="a">Includes bibliographical references.</subfield>
  </datafield>
  <datafield tag="520" ind1=" " ind2=" ">
    <subfield code="a">One of the most remarkable true-crime narratives of the twenty-first century: the story of the world&#x2019;s most prolific art thief, St&#xE9;phane Breitwieser.

In this spellbinding portrait of obsession and flawed genius, the best-selling author of The Stranger in the Woods brings us into Breitwieser&#x2019;s strange world&#x2014;unlike most thieves, he never stole for money, keeping all his treasures in a single room where he could admire them.

For centuries, works of art have been stolen in countless ways from all over the world, but no one has been quite as successful at it as the master thief St&#xE9;phane Breitwieser. Carrying out more than two hundred heists over nearly eight years&#x2014;in museums and cathedrals all over Europe&#x2014;Breitwieser, along with his girlfriend who worked as his lookout, stole more than three hundred objects, until it all fell apart in spectacular fashion.

In The Art Thief, Michael Finkel brings us into Breitwieser&#x2019;s strange and fascinating world. Unlike most thieves, Breitwieser never stole for money. Instead, he displayed all his treasures in a pair of secret rooms where he could admire them to his heart&#x2019;s content. Possessed of a remarkable athleticism and an innate ability to circumvent practically any security system, Breitwieser managed to pull off a breathtaking number of audacious thefts. Yet these strange talents bred a growing disregard for risk and an addict&#x2019;s need to score, leading Breitwieser to ignore his girlfriend&#x2019;s pleas to stop&#x2014;until one final act of hubris brought everything crashing down.

This is a riveting story of art, crime, love, and an insatiable hunger to possess beauty at any cost.</subfield>
  </datafield>
  <datafield tag="600" ind1=" " ind2="0">
    <subfield code="a">Breitwieser, St&#xE9;phane,</subfield>
    <subfield code="d">1971-</subfield>
  </datafield>
  <datafield tag="650" ind1=" " ind2="0">
    <subfield code="a">Art thefts</subfield>
    <subfield code="x">Investigation</subfield>
    <subfield code="z">France.</subfield>
  </datafield>
  <datafield tag="650" ind1=" " ind2="0">
    <subfield code="a">Art thieves</subfield>
    <subfield code="v">Biography.</subfield>
  </datafield>
  <datafield tag="655" ind1=" " ind2="0">
    <subfield code="a">True crime stories.</subfield>
    <subfield code="9">24977</subfield>
  </datafield>
  <datafield tag="655" ind1=" " ind2="0">
    <subfield code="a">Biographies</subfield>
    <subfield code="9">22503</subfield>
  </datafield>
  <datafield tag="942" ind1=" " ind2=" ">
    <subfield code="2">lcc</subfield>
  </datafield>
  <datafield tag="952" ind1=" " ind2=" ">
    <subfield code="0">0</subfield>
    <subfield code="1">0</subfield>
    <subfield code="2">lcc</subfield>
    <subfield code="4">0</subfield>
    <subfield code="7">0</subfield>
    <subfield code="a">TBS</subfield>
    <subfield code="b">TBS</subfield>
    <subfield code="d">2025-03-21</subfield>
    <subfield code="l">0</subfield>
    <subfield code="o">P-EN FIN</subfield>
    <subfield code="p">B05883</subfield>
    <subfield code="r">2025-03-21</subfield>
    <subfield code="t">1</subfield>
    <subfield code="w">2025-03-21</subfield>
    <subfield code="y">1</subfield>
  </datafield>
  <datafield tag="999" ind1=" " ind2=" ">
    <subfield code="c">4558</subfield>
    <subfield code="d">4558</subfield>
  </datafield>
</record>
